| 000 | 00564nam a2200181 i 4500 | ||
|---|---|---|---|
| 001 | 20399 | ||
| 003 | ES-MaACL | ||
| 005 | 20250817132143.0 | ||
| 007 | t| | ||
| 008 | 021112s1952 sp ||||1| spa d | ||
| 100 | 1 |
_aAguilera, Emiliano M. _918758 |
|
| 245 | 1 | 0 |
_aTiziano _b: su vida, su obra , su arte / _cEmiliano M. Aguilera. |
| 260 |
_aBarcelona : _bIberia, _c[1952] ( _fTall. Gráfs. Agustín Núñez) |
||
| 300 |
_a31 p., 24 lám. ; _c29 cm. |
||
| 600 | 0 | 4 |
_aTiziano, _dca. 1488-1576 _9110357 |
| 852 |
_aES-MaACL _jC-5955 _bR.34152 |
||
| 999 |
_c20399 _d20399 |
||